000 01307cam a22003734a 4500
001 14259757
003 OSt
005 20230825122642.0
008 060209s2006 enka b 001 0 eng
010 _a 2006040067
015 _aGBA651417
_2bnb
016 7 _a013480718
_2Uk
020 _a1845420144
020 _a9781845420147
035 _a(OCoLC)ocm63808282
035 _a(OCoLC)63808282
040 _aDLC
_cDLC
_dUKM
_dBAKER
_dBWKUK
_dYDXCP
_dOCLCQ
_dBTCTA
_dPUL
_dCOO
_dLVB
_dNLGGC
_dDLC
042 _apcc
043 _aa-cc---
_ae-ie---
050 0 0 _aHD9696.63.C62
_bT73 2006
082 0 0 _a338.4700509417
_bTSA/E
084 _a85.08
_2bcl
100 1 _aTsang, Denise,
_d1965-
_99349
245 1 4 _aThe entrepreneurial culture :
_bnetwork advantage within Chinese and Irish software firms /
_cDenise Tsang.
260 _aCheltenham, UK ;
_aNorthampton, MA :
_bEdward Elgar,
_cc2006.
300 _aix, 195 p. :
_bill. ;
_c24 cm.
504 _aIncludes bibliographical references (p. 157-175) and index.
650 0 _aComputer software industry
_zChina.
650 0 _aComputer software industry
_zIreland.
650 0 _aEntrepreneurship.
650 0 _aBusiness networks.
650 0 _aSocial networks
_xEconomic aspects.
942 _2ddc
_cBK
_h338.470
_iTSA/E
_k338.470
_mTSA/E
999 _c41973
_d41973